00574nam a2200145 a 450000100080000000500110000800800410001910000170006024500330007726000430011030000100015352001950016365300360035865300340039410159672018-05-18 1984 bl uuuu 00u1 u #d1 aMARANGON, B. aComunicação e metodologia. aBelo Horizonte: EMATER-MG, l984.c1984 a68 p. aExercícios sobre estratégia de ação. Texto sobre estratégia de ação. Relatos de experiências sobre estratégia de ação. Resultados de análise das estratégias de ação relatadas. aMetodologia trabalho com grupos aTreinamento de extensionistas